| 000 | 00484nam a2200181Ia 4500 | ||
|---|---|---|---|
| 001 | 3811 | ||
| 005 | 20260306145710.0 | ||
| 008 | 260306t2024||||xx |||||||||||||| ||spa|| | ||
| 041 | _aESP | ||
| 082 |
_a303.483 _bS712 |
||
| 100 |
_aSadin, Éric, _eAUT |
||
| 245 | 0 |
_aLa vida espectral : _bpensar la era del metaverso y las inteligencias artificiales generativas |
|
| 260 | _c2024 | ||
| 300 |
_a236 páginas : _c20 cm. |
||
| 650 | _aGEN | ||
| 654 | _aCHU | ||
| 942 |
_cLIB _dJUS _fJUS _2ddc _n |
||
| 999 |
_c3811 _d3811 |
||